000 00421cam a2200181 4500
001 D14580
008 090401t1954 xxu||||| |||| 00| 0 eng d
035 _a(Sirsi) u16639
041 _aeng
050 _a301.352
100 _aBeresford, Maurice
245 _aLost villages of England
260 _aLondon
_bLutterworth Press
_c1954
300 _a445p. ill. 22cm
350 _a0
942 _n0
948 _c04/03/1997
999 _c87440
_d87440